Internet Of Things (Record no. 346453)
[ view plain ]
| 000 -LEADER | |
|---|---|
| fixed length control field | 00489nam a2200169Ia 4500 |
| 008 - FIXED-LENGTH DATA ELEMENTS--GENERAL INFORMATION | |
| fixed length control field | 230718s9999 xx 000 0 und d |
| 020 ## - INTERNATIONAL STANDARD BOOK NUMBER | |
| International Standard Book Number | 9788173719547 |
| 041 ## - LANGUAGE CODE | |
| Language code of text/sound track or separate title | eng |
| 082 ## - DEWEY DECIMAL CLASSIFICATION NUMBER | |
| Classification number | 005.678 |
| Item number | BAH |
| 100 ## - MAIN ENTRY--PERSONAL NAME | |
| Personal name | Bahga A. |
| 9 (RLIN) | 197237 |
| 245 ## - TITLE STATEMENT | |
| Title | Internet Of Things |
| Remainder of title | A Hands-On Approach |
| 260 ## - PUBLICATION, DISTRIBUTION, ETC. (IMPRINT) | |
| Date of publication, distribution, etc. | 2014 |
| Name of publisher, distributor, etc. | Universities Press |
| 300 ## - PHYSICAL DESCRIPTION | |
| Extent | 520 |
| 365 ## - TRADE PRICE | |
| Currency code | Rs. |
| Price amount | 725.00 |
| 700 ## - ADDED ENTRY--PERSONAL NAME | |
| Personal name | Bahga A. & Madisetti V. |
| 9 (RLIN) | 197238 |
| 906 ## - LOCAL DATA ELEMENT F, LDF (RLIN) | |
| d | O:0581026-Dec-2017B:SE/SI/464619-Dec-2017 |
| c | COMP |
| b | 3443.75 |
| Withdrawn status | Lost status | Damaged status | Not for loan | Home library | Current library | Date acquired | Vendor | Budget Code | Cost, normal purchase price | Bill number | Total Checkouts | Full call number | Barcode | Date last seen | Date last checked out | Discount | Cost, replacement price | Bill Date | Koha item type | Original Barcode |
|---|---|---|---|---|---|---|---|---|---|---|---|---|---|---|---|---|---|---|---|---|
| Cummins College of Engineering for Women Pune | Cummins College of Engineering for Women Pune | 26/12/2017 | Suyog Enterprises | COMP | 543.75 | SE/SI/4646 | 3 | 005.678 | CCEP-BK-57660 | 23/12/2024 | 25/11/2024 | 3443.75 | 725.00 | 19/12/2017 | Books | 057660 |